<?xml version="1.0" encoding="UTF-8"?>
<record
    xmlns:xsi="http://www.w3.org/2001/XMLSchema-instance"
    xsi:schemaLocation="http://www.loc.gov/MARC21/slim http://www.loc.gov/standards/marcxml/schema/MARC21slim.xsd"
    xmlns="http://www.loc.gov/MARC21/slim">

  <leader>00796nam a22001577a 4500</leader>
  <controlfield tag="003">LRUA</controlfield>
  <controlfield tag="005">20210216105055.0</controlfield>
  <controlfield tag="008">210216b        xxu||||| |||| 00| 0 eng d</controlfield>
  <datafield tag="040" ind1=" " ind2=" ">
    <subfield code="c">RUA</subfield>
  </datafield>
  <datafield tag="082" ind1=" " ind2=" ">
    <subfield code="a">AGE YOE 2018 B670 Or.</subfield>
  </datafield>
  <datafield tag="100" ind1=" " ind2=" ">
    <subfield code="9">14637</subfield>
    <subfield code="a">YOEURNG SUYTYOEURNG, &#x1799;&#x17BF;&#x1784;&#x200B; &#x179F;&#x17CA;&#x17BB;&#x1799;&#x1791;&#x17D2;&#x179A;&#x17BF;&#x1793;</subfield>
  </datafield>
  <datafield tag="245" ind1=" " ind2=" ">
    <subfield code="a">&#x1794;&#x17D2;&#x179A;&#x17C0;&#x1794;&#x1792;&#x17C0;&#x1794;&#x17A5;&#x1791;&#x17D2;&#x1792;&#x17B7;&#x1796;&#x179B;&#x1793;&#x17C3;&#x17A7;&#x1794;&#x1780;&#x179A;&#x178E;&#x17CD;&#x178A;&#x17B6;&#x17C6;&#x178F;&#x17D2;&#x179A;&#x17B6;&#x1794;&#x17CB;&#x1794;&#x17C6;&#x1796;&#x17B6;&#x1780;&#x17CB;&#x1787;&#x17B6;&#x1798;&#x17BD;&#x1799;&#x178F;&#x17D2;&#x179A;&#x17B6;&#x1780;&#x17CB;&#x1791;&#x17D0;&#x179A;  &#x1793;&#x17B7;&#x1784;&#x1780;&#x17B6;&#x179A;&#x1796;&#x17D2;&#x179A;&#x17C4;&#x17C7;&#x178A;&#x17C4;&#x1799;&#x178A;&#x17C3;&#x179B;&#x17BE;&#x1796;&#x17BC;&#x1787;&#x179F;&#x17D2;&#x179A;&#x17BC;&#x179C;&#x179F;&#x17C2;&#x1793;&#x1796;&#x17B7;&#x178A;&#x17C4;&#x179A; ,comparison on the effect of direct seeder equipped with tractor and convertional seeding on paddy rice sen pidor vaeiety</subfield>
  </datafield>
  <datafield tag="260" ind1=" " ind2=" ">
    <subfield code="a">phnom penh</subfield>
    <subfield code="b">rua</subfield>
    <subfield code="c">2018</subfield>
  </datafield>
  <datafield tag="300" ind1=" " ind2=" ">
    <subfield code="a">xi,44p,</subfield>
    <subfield code="b">ill,</subfield>
    <subfield code="c">29cm,</subfield>
  </datafield>
  <datafield tag="942" ind1=" " ind2=" ">
    <subfield code="2">ddc</subfield>
    <subfield code="c">AGE</subfield>
  </datafield>
  <datafield tag="999" ind1=" " ind2=" ">
    <subfield code="c">19696</subfield>
    <subfield code="d">19696</subfield>
  </datafield>
  <datafield tag="952" ind1=" " ind2=" ">
    <subfield code="0">0</subfield>
    <subfield code="1">0</subfield>
    <subfield code="2">ddc</subfield>
    <subfield code="4">0</subfield>
    <subfield code="6">AGE_YOE_2018_000000000000000_B670_OR</subfield>
    <subfield code="7">0</subfield>
    <subfield code="9">86692</subfield>
    <subfield code="a">LBB</subfield>
    <subfield code="b">LBB</subfield>
    <subfield code="c">B670</subfield>
    <subfield code="d">2021-02-16</subfield>
    <subfield code="o">AGE YOE 2018 B670 Or.</subfield>
    <subfield code="r">2021-02-16</subfield>
    <subfield code="w">2021-02-16</subfield>
    <subfield code="y">AGE</subfield>
  </datafield>
  <datafield tag="952" ind1=" " ind2=" ">
    <subfield code="0">0</subfield>
    <subfield code="1">0</subfield>
    <subfield code="2">ddc</subfield>
    <subfield code="4">0</subfield>
    <subfield code="6">AGE_YOE_2018_000000000000000_B670_OR</subfield>
    <subfield code="7">0</subfield>
    <subfield code="9">86693</subfield>
    <subfield code="a">LBB</subfield>
    <subfield code="b">LBB</subfield>
    <subfield code="c">B670</subfield>
    <subfield code="d">2021-02-16</subfield>
    <subfield code="o">AGE YOE 2018 B670 Or.</subfield>
    <subfield code="r">2021-02-16</subfield>
    <subfield code="w">2021-02-16</subfield>
    <subfield code="y">AGE</subfield>
  </datafield>
  <datafield tag="952" ind1=" " ind2=" ">
    <subfield code="0">0</subfield>
    <subfield code="1">0</subfield>
    <subfield code="2">ddc</subfield>
    <subfield code="4">0</subfield>
    <subfield code="6">AGE_YOE_2018_000000000000000_B670_OR</subfield>
    <subfield code="7">0</subfield>
    <subfield code="9">86694</subfield>
    <subfield code="a">LBB</subfield>
    <subfield code="b">LBB</subfield>
    <subfield code="c">B670</subfield>
    <subfield code="d">2021-02-16</subfield>
    <subfield code="o">AGE YOE 2018 B670 Or.</subfield>
    <subfield code="r">2021-02-16</subfield>
    <subfield code="w">2021-02-16</subfield>
    <subfield code="y">AGE</subfield>
  </datafield>
  <datafield tag="952" ind1=" " ind2=" ">
    <subfield code="0">0</subfield>
    <subfield code="1">0</subfield>
    <subfield code="2">ddc</subfield>
    <subfield code="4">0</subfield>
    <subfield code="6">AGE_YOE_2018_000000000000000_B670_OR</subfield>
    <subfield code="7">0</subfield>
    <subfield code="9">86695</subfield>
    <subfield code="a">LBB</subfield>
    <subfield code="b">LBB</subfield>
    <subfield code="c">B670</subfield>
    <subfield code="d">2021-02-16</subfield>
    <subfield code="o">AGE YOE 2018 B670 Or.</subfield>
    <subfield code="r">2021-02-16</subfield>
    <subfield code="w">2021-02-16</subfield>
    <subfield code="y">AGE</subfield>
  </datafield>
  <datafield tag="952" ind1=" " ind2=" ">
    <subfield code="0">0</subfield>
    <subfield code="1">0</subfield>
    <subfield code="2">ddc</subfield>
    <subfield code="4">0</subfield>
    <subfield code="6">AGE_YOE_2018_000000000000000_B670_OR</subfield>
    <subfield code="7">0</subfield>
    <subfield code="9">86696</subfield>
    <subfield code="a">LBB</subfield>
    <subfield code="b">LBB</subfield>
    <subfield code="c">B670</subfield>
    <subfield code="d">2021-02-16</subfield>
    <subfield code="o">AGE YOE 2018 B670 Or.</subfield>
    <subfield code="r">2021-02-16</subfield>
    <subfield code="w">2021-02-16</subfield>
    <subfield code="y">AGE</subfield>
  </datafield>
  <datafield tag="952" ind1=" " ind2=" ">
    <subfield code="0">0</subfield>
    <subfield code="1">0</subfield>
    <subfield code="2">ddc</subfield>
    <subfield code="4">0</subfield>
    <subfield code="6">AGE_YOE_2018_000000000000000_B670_OR</subfield>
    <subfield code="7">0</subfield>
    <subfield code="9">86697</subfield>
    <subfield code="a">LBB</subfield>
    <subfield code="b">LBB</subfield>
    <subfield code="c">B670</subfield>
    <subfield code="d">2021-02-16</subfield>
    <subfield code="o">AGE YOE 2018 B670 Or.</subfield>
    <subfield code="r">2021-02-16</subfield>
    <subfield code="w">2021-02-16</subfield>
    <subfield code="y">AGE</subfield>
  </datafield>
  <datafield tag="952" ind1=" " ind2=" ">
    <subfield code="0">0</subfield>
    <subfield code="1">0</subfield>
    <subfield code="2">ddc</subfield>
    <subfield code="4">0</subfield>
    <subfield code="6">AGE_YOE_2018_000000000000000_B670_OR</subfield>
    <subfield code="7">0</subfield>
    <subfield code="9">86698</subfield>
    <subfield code="a">LBB</subfield>
    <subfield code="b">LBB</subfield>
    <subfield code="c">B670</subfield>
    <subfield code="d">2021-02-16</subfield>
    <subfield code="o">AGE YOE 2018 B670 Or.</subfield>
    <subfield code="r">2021-02-16</subfield>
    <subfield code="w">2021-02-16</subfield>
    <subfield code="y">AGE</subfield>
  </datafield>
  <datafield tag="952" ind1=" " ind2=" ">
    <subfield code="0">0</subfield>
    <subfield code="1">0</subfield>
    <subfield code="2">ddc</subfield>
    <subfield code="4">0</subfield>
    <subfield code="6">AGE_YOE_2018_000000000000000_B670_OR</subfield>
    <subfield code="7">0</subfield>
    <subfield code="9">86699</subfield>
    <subfield code="a">LBB</subfield>
    <subfield code="b">LBB</subfield>
    <subfield code="c">B670</subfield>
    <subfield code="d">2021-02-16</subfield>
    <subfield code="o">AGE YOE 2018 B670 Or.</subfield>
    <subfield code="r">2021-02-16</subfield>
    <subfield code="w">2021-02-16</subfield>
    <subfield code="y">AGE</subfield>
  </datafield>
  <datafield tag="952" ind1=" " ind2=" ">
    <subfield code="0">0</subfield>
    <subfield code="1">0</subfield>
    <subfield code="2">ddc</subfield>
    <subfield code="4">0</subfield>
    <subfield code="6">AGE_YOE_2018_000000000000000_B670_OR</subfield>
    <subfield code="7">0</subfield>
    <subfield code="9">86700</subfield>
    <subfield code="a">LBB</subfield>
    <subfield code="b">LBB</subfield>
    <subfield code="c">B670</subfield>
    <subfield code="d">2021-02-16</subfield>
    <subfield code="o">AGE YOE 2018 B670 Or.</subfield>
    <subfield code="r">2021-02-16</subfield>
    <subfield code="w">2021-02-16</subfield>
    <subfield code="y">AGE</subfield>
  </datafield>
  <datafield tag="952" ind1=" " ind2=" ">
    <subfield code="0">0</subfield>
    <subfield code="1">0</subfield>
    <subfield code="2">ddc</subfield>
    <subfield code="4">0</subfield>
    <subfield code="6">AGE_YOE_2018_000000000000000_B670_OR</subfield>
    <subfield code="7">0</subfield>
    <subfield code="9">86701</subfield>
    <subfield code="a">LBB</subfield>
    <subfield code="b">LBB</subfield>
    <subfield code="c">B670</subfield>
    <subfield code="d">2021-02-16</subfield>
    <subfield code="o">AGE YOE 2018 B670 Or.</subfield>
    <subfield code="r">2021-02-16</subfield>
    <subfield code="w">2021-02-16</subfield>
    <subfield code="y">AGE</subfield>
  </datafield>
  <datafield tag="952" ind1=" " ind2=" ">
    <subfield code="0">0</subfield>
    <subfield code="1">0</subfield>
    <subfield code="2">ddc</subfield>
    <subfield code="4">0</subfield>
    <subfield code="6">AGE_YOE_2018_000000000000000_B670_OR</subfield>
    <subfield code="7">0</subfield>
    <subfield code="9">86702</subfield>
    <subfield code="a">LBB</subfield>
    <subfield code="b">LBB</subfield>
    <subfield code="c">B670</subfield>
    <subfield code="d">2021-02-16</subfield>
    <subfield code="o">AGE YOE 2018 B670 Or.</subfield>
    <subfield code="r">2021-02-16</subfield>
    <subfield code="w">2021-02-16</subfield>
    <subfield code="y">AGE</subfield>
  </datafield>
  <datafield tag="952" ind1=" " ind2=" ">
    <subfield code="0">0</subfield>
    <subfield code="1">0</subfield>
    <subfield code="2">ddc</subfield>
    <subfield code="4">0</subfield>
    <subfield code="6">AGE_YOE_2018_000000000000000_B670_OR</subfield>
    <subfield code="7">0</subfield>
    <subfield code="9">86703</subfield>
    <subfield code="a">LBB</subfield>
    <subfield code="b">LBB</subfield>
    <subfield code="c">B670</subfield>
    <subfield code="d">2021-02-16</subfield>
    <subfield code="o">AGE YOE 2018 B670 Or.</subfield>
    <subfield code="r">2021-02-16</subfield>
    <subfield code="w">2021-02-16</subfield>
    <subfield code="y">AGE</subfield>
  </datafield>
</record>
